Responsabilidad mďica civil y penal por presunta mala prc̀tica profesional El contenido reparador del consentimiento informado

Bibliographic Details
Main Author: Lled ̤Yagüe, Francisco
Other Authors: Morillas Cueva, Lorenzo
Format: eBook
Language:Spanish
Published: Madrid : Dykinson, 2012
Subjects:
Online Access:http://www.vlex.com/source/7006

MARC

LEADER 00000nam a22000007a 4500
005 20130221180054.0
007 cr|||| ||||
008 130221e2012 sp |||||s|||| 00||0 spa d
020 |a 978-84-9031-250-6 
035 |a 7006 
040 |a vLex 
090 |c 3705  |d 3705 
100 1 0 |a Lled ̤Yagüe, Francisco 
245 1 0 |a Responsabilidad mďica civil y penal por presunta mala prc̀tica profesional  |b El contenido reparador del consentimiento informado  |h [Recurso electrn̤ico] 
256 |a Servicio en ln̕ea 
260 |a Madrid :  |b Dykinson,   |c 2012  
300 |a 1 Recurso electrn̤ico 
650 0 4 |a Negligencia 
650 0 4 |a Mďica o sanitaria 
650 0 4 |a Derecho penal  |z Espaą 
650 0 4 |a Derecho civil  |z Espaą 
700 1 0 |a Morillas Cueva, Lorenzo 
740 |a vLex Libros (Servicio en ln̕ea)  
856 |a Acceso restringido  |u http://www.vlex.com/source/7006 
942 |c BOOK 
999 0 |a Negligence